| Поле | Название | Значение |
| |
Тип записи |
i |
| |
Библиографический уровень |
m |
| 001 |
Контрольный номер |
RU/IS/BASE/361535579 |
| 005 |
Дата корректировки |
20201206204807.8 |
| 010 |
Индекс ISBN |
__ |
| d |
Цена |
210-63 |
| 101 |
Язык документа |
__ |
| a |
Язык текста |
rus |
| 200 |
Заглавие и сведения об ответственности |
1_ |
| a |
Заглавие |
Поздняя любовь |
| e |
Сведения, относящиеся к заглавию |
сцены из жизни захолустья : в 4-х действиях : [аудиокнига] |
| f |
Первые сведения об ответственности |
А. Н. Островский ; читает Станислав Федосов ; [звукорежиссеры: Михаил Ашарин ; оператор звукозаписи Екатерина Цветкова ; корректор Светлана Рожкова] |
| b |
Общее обозначение материала |
Звукозапись |
| 210 |
Выходные данные |
__ |
| a |
Место издания |
М. |
| c |
Издательство |
АРДИС |
| d |
Дата издания |
2007 |
| 215 |
Физическое описание |
__ |
| a |
Объем |
1 электрон. опт. диск (Audio CD) (2 ч. 15 мин.) |
| 225 |
Серия |
__ |
| a |
Серия |
Литературные чтения |
| 300 |
Общие примечания |
__ |
| a |
Общие примечания |
MPEGI Layer-3 (MP3) ; 192 Kbps ; 16 bit ; 44.1 kHz ; mono. - BONUS: спец. сжатая версия аудиокн. для мобил. телефонов с поддержкой MP3 |
| 323 |
Примечание о главных создателях, исполнителях, участниках |
__ |
| a |
Примечание о главных создателях, исполнителях, участниках |
Федосов, В. (читает) |
| 330 |
Аннотация |
__ |
| a |
Аннотация |
«Немолодая девушка» Людмила влюбляется в сына хозяйки дома праздного гуляку Николая. Ради его спасения она готова пожертвовать всем — даже выкрасть важнейший денежный документ, доверенный ее отцу. Влюбленный в другую женщину молодой человек тут же вручает вексель ей, а соперница его сжигает... Почти детективная история заканчивается благополучно: сожженный вексель оказывается копией, Николай — порядочным человеком, а Людмила выходит замуж за любимого... |
| 333 |
Примечание о целевом назначении |
__ |
| a |
Примечание о целевом назначении |
16+. Для детей старше 16 лет |
| 606 |
Тематические рубрики |
__ |
| a |
Основная рубрика |
Художественная литература |
| 606 |
Тематические рубрики |
__ |
| a |
Основная рубрика |
Русская литература XIX в. (произведения) |
| 610 |
Ключевые слова |
__ |
| a |
Ключевые слова |
русская драматургия; драматические произведения; пьесы; тема семьи; классическая литература; русская классическая литература; тема любви; тема провинции; тема взаимоотношений; тема интриг |
| 686 |
Индексы других классификаций |
__ |
| a |
Классификационный индекс |
84(2=411.2)52-6я04 |
| 700 |
Автор |
_1 |
| a |
Фамилия |
Островский |
| b |
Имя |
А. Н. |
| f |
Даты |
1823-1886 |
| g |
Полное личное имя |
Александр Николаевич |
| 4 |
Код отношения |
070 |
| 702 |
Вторичная интеллектуальная ответственность |
_1 |
| a |
Фамилия |
Ашарин |
| b |
Имя |
М. |
| 4 |
Код отношения |
Звукорежиссер |
| 702 |
Вторичная интеллектуальная ответственность |
_1 |
| a |
Фамилия |
Цветкова |
| b |
Имя |
Е. |
| 4 |
Код отношения |
Оператор звукозаписи |
| 702 |
Вторичная интеллектуальная ответственность |
_1 |
| a |
Фамилия |
Рожкова |
| b |
Имя |
С. |
| 4 |
Код отношения |
Корректор |
| 801 |
Источник записи |
_0 |
| a |
Страна |
RU |
| b |
Организация |
Муниципальное бюджетное учреждение культуры "Централизованная библиотечная система" г. Сургут (Центральная городская библиотека им. А. С. Пушкина) |
| g |
Правила каталогизации |
КиК/Поспелова |
| 801 |
Источник записи |
_1 |
| a |
Страна |
RU |
| b |
Организация |
Муниципальное бюджетное учреждение культуры "Централизованная библиотечная система" г. Сургут (Центральная городская библиотека им. А. С. Пушкина) |
| g |
Правила каталогизации |
КиК/Поспелова |
| 852 |
Данные о местонахождении |
__ |
| j |
Шифр хранения |
84(2=411.2)52-6я04 |
| i |
Авторский знак |
О-77 |
| 901 |
Тип документа |
__ |
| t |
Тип документа |
0 |
| 903 |
Характеристики (МАРС) |
__ |
| a |
Дата передачи |
20110616 |
| 969 |
Тип издания |
__ |
| a |
Тип издания |
аудиокнига |
| 990 |
Данные о заказе (DOS) |
__ |
| j |
Количество экземпляров (DOS) |
1 |
| h |
N записи в КСУ для Б/У (DOS) |
201107 |